Classement 100m aux Jeux Olympiques 2016 - Statistiques

Statistiques générales
  • Ce quiz a été pris 75 fois
  • Le résultat moyen est 4 sur 8
Statistiques - réponses
Position Temps Nationalité Coureur % Correct
Or 9.81 Jamaïque Usain Bolt
100%
7e 10.04 France Jimmy Vicaut
73%
4e 9.93 Jamaïque Yohan Blake
73%
Argent 9.89 Etats-Unis Justin Gatlin
68%
Bronze 9.91 Canada Andre DeGrasse
61%
5e 9.94 Afrique du Sud Akani Simbine
33%
8e 10.06 Etats-Unis Trayvon Bromell
12%
6e 9.96 Côte d'Ivoire Ben Youssef Meïté
6%
Aucun quiz correspondant
Distribution des résultats
% des personnes avec chaque résultat
Percentile par nombre de réponses
Votre historique - résultats
Vous n’avez pas pris ce quiz